000 00630nmc a2200253 a 4500
003 AR-BaBNM
005 20251128210912.0
008 291020s1999 ||||||||||||||000 | spa||
020 _a950-739-740-X
040 _cAR-BaBNM
100 1 _aShakespeare, William
245 1 0 _aRomeo y Julieta
260 _aBuenos Aires
_bErrepar
_c1999
300 0 _a217 p.
490 0 _aClásicos de bolsillo
_vv. 31
650 4 _aLITERATURA INGLESA
650 4 _aTRAGEDIA
650 4 _aRENACIMIENTO
650 4 _aTEATRO
655 _aLITERATURA
700 1 _aArrizabalaga, Delia Nilda
_eprologuista
942 _cBK
998 _cMARTIN
999 _c17375
_d17375